Investujte do zlata a stříbra
Uložené v:
| Hlavný autor: | |
|---|---|
| Ďalší autori: | |
| Médium: | Kniha |
| Jazyk: | Czech |
| Vydavateľské údaje: |
Praha
PRAGMA
2010
|
| Edícia: | Poradci bohatého táty
|
| Predmet: | |
| Tagy: |
Žiadne tagy, Buďte prvý, kto otaguje tento záznam!
|
MARC
| LEADER | 00000nam a2200000 4500 | ||
|---|---|---|---|
| 001 | 0127635 | ||
| 005 | 20240313085916.0 | ||
| 020 | |a 978-80-7349-156-7 | ||
| 041 | 0 | |a cze | |
| 044 | |a CZ | ||
| 245 | 1 | 0 | |a Investujte do zlata a stříbra |c Michael Maloney ; přeložila: Jana Novotná |
| 264 | 1 | |a Praha |b PRAGMA |c 2010 | |
| 300 | |a 244 s. | ||
| 490 | 1 | |a Poradci bohatého táty | |
| 830 | 0 | |a Poradci bohatého táty | |
| 610 | 2 | 0 | |a kovy drahé |
| 610 | 2 | 0 | |a peniaze |
| 610 | 2 | 0 | |a história |
| 610 | 2 | 0 | |a kapitalizmus |
| 610 | 2 | 0 | |a dolár |
| 610 | 2 | 0 | |a inflácia |
| 610 | 2 | 0 | |a úpadok hospodársky |
| 610 | 2 | 0 | |a investovanie |
| 610 | 2 | 0 | |a zlato |
| 610 | 2 | 0 | |a striebro |
| 610 | 2 | 0 | |a USA |
| 100 | 1 | |a Maloney, Michael | |
| 700 | 1 | |a Novotná, Jana | |